Politická moc verzus náboženská autorita v Ázii

Bibliographic Details
Main Author: Pleschová, Gabriela, 1978- (Author)
Format: Article
Language:Slovak
ISSN:1210-1583
Subjects:

MARC

LEADER 00000nab a2200000 ar4500
001 vtls009007219
003 SK-MaSNL
005 20260303065436.0
008 070713c2006 xo qr|p|||||||000 b|slo
015 |a SNBRB2007/07 
038 |a SNKBUCL 
040 |a SNKBUCL  |b slo  |e AACR2  |c SNKBUCL 
041 0 |a slo 
044 |a xo  |c SK 
080 |a 32  |x (5)  |2 1997 
080 |a 2  |x (5)  |2 1997 
100 1 |a Pleschová, Gabriela,  |d 1978-  |4 aut  |9 213802 
245 1 0 |a Politická moc verzus náboženská autorita v Ázii  |c Gabriela Gregušová 
650 0 7 |a politická moc  |2 snkbucl  |9 4438 
650 0 7 |a náboženstvo  |2 snkbucl  |9 2023 
651 7 |a Ázia  |2 snkbucl  |9 28709 
655 7 |a recenzie  |2 snkbucl  |9 21907 
773 0 |t International Issues & Slovak Foreign Polici Affairs  |g Roč. XV, č. 2 (2006), s. 73-75  |x 1210-1583 
787 0 8 |i Rec.:  |a Slobodník, Martin  |t Politická moc verzus náboženská autorita v Ázii  |d Bratislava : Chronos, 2006  |z 8089027180 
787 0 8 |i Rec.:  |a Kovács, Attila  |t Politická moc verzus náboženská autorita v Ázii  |d Bratislava : Chronos, 2006  |z 8089027180 
852 |a SNK  |b KIS3GCP 
958 |a SK 
999 |c 1751209  |d 1753139